|
|
|
|
| LEADER |
03640nam a22005655i 4500 |
| 001 |
978-3-540-27809-2 |
| 003 |
DE-He213 |
| 005 |
20151204145619.0 |
| 007 |
cr nn 008mamaa |
| 008 |
121227s2004 gw | s |||| 0|eng d |
| 020 |
|
|
|a 9783540278092
|9 978-3-540-27809-2
|
| 024 |
7 |
|
|a 10.1007/b98935
|2 doi
|
| 040 |
|
|
|d GrThAP
|
| 050 |
|
4 |
|a HG1-HG9999
|
| 072 |
|
7 |
|a KFF
|2 bicssc
|
| 072 |
|
7 |
|a BUS027000
|2 bisacsh
|
| 082 |
0 |
4 |
|a 332
|2 23
|
| 245 |
1 |
0 |
|a Financial Cryptography
|h [electronic resource] :
|b 8th International Conference, FC 2004, Key West, FL, USA, February 9-12, 2004. Revised Papers /
|c edited by Ari Juels.
|
| 264 |
|
1 |
|a Berlin, Heidelberg :
|b Springer Berlin Heidelberg,
|c 2004.
|
| 300 |
|
|
|a XI, 286 p.
|b online resource.
|
| 336 |
|
|
|a text
|b txt
|2 rdacontent
|
| 337 |
|
|
|a computer
|b c
|2 rdamedia
|
| 338 |
|
|
|a online resource
|b cr
|2 rdacarrier
|
| 347 |
|
|
|a text file
|b PDF
|2 rda
|
| 490 |
1 |
|
|a Lecture Notes in Computer Science,
|x 0302-9743 ;
|v 3110
|
| 505 |
0 |
|
|a Invited Talks -- Analyzing the Success and Failure of Recent e-Payment Schemes -- Peppercoin Micropayments -- Loyalty and Micropayment Systems -- Microcredits for Verifiable Foreign Service Provider Metering -- A Privacy-Friendly Loyalty System Based on Discrete Logarithms over Elliptic Curves -- User Authentication -- Addressing Online Dictionary Attacks with Login Histories and Humans-in-the-Loop -- Call Center Customer Verification by Query-Directed Passwords -- Invited Talks -- Cryptography and the French Banking Cards: Past, Present, Future -- PayPass Security and Risk -- e-Voting -- The Vector-Ballot e-Voting Approach -- Efficient Maximal Privacy in Boardroom Voting and Anonymous Broadcast -- Panel Session: Building Usable Security Systems -- Usability and Acceptability of Biometric Security Systems -- Mental Models of Computer Security -- Visualization Tools for Security Administrators -- Secure Interaction Design -- Invited Talk -- Bringing Payment Technology to the Unbanked -- Auctions and Lotteries -- Interleaving Cryptography and Mechanism Design -- Secure Generalized Vickrey Auction without Third-party Servers -- Electronic National Lotteries -- Identity-Based Chameleon Hash and Applications -- Game Theoretic and Cryptographic Tools -- Selecting Correlated Random Actions -- An Efficient and Usable Multi-show Non-transferable Anonymous Credential System -- The Ephemeral Pairing Problem -- Mix Networks and Anonymous Communications -- Mixminion: Strong Anonymity for Financial Cryptography -- Practical Anonymity for the Masses with MorphMix -- Timing Attacks in Low-Latency Mix Systems -- Provable Unlinkability against Traffic Analysis.
|
| 650 |
|
0 |
|a Finance.
|
| 650 |
|
0 |
|a Computer communication systems.
|
| 650 |
|
0 |
|a Operating systems (Computers).
|
| 650 |
|
0 |
|a Data encryption (Computer science).
|
| 650 |
|
0 |
|a Computers and civilization.
|
| 650 |
|
0 |
|a Management information systems.
|
| 650 |
|
0 |
|a Computer science.
|
| 650 |
1 |
4 |
|a Finance.
|
| 650 |
2 |
4 |
|a Finance, general.
|
| 650 |
2 |
4 |
|a Data Encryption.
|
| 650 |
2 |
4 |
|a Operating Systems.
|
| 650 |
2 |
4 |
|a Management of Computing and Information Systems.
|
| 650 |
2 |
4 |
|a Computers and Society.
|
| 650 |
2 |
4 |
|a Computer Communication Networks.
|
| 700 |
1 |
|
|a Juels, Ari.
|e editor.
|
| 710 |
2 |
|
|a SpringerLink (Online service)
|
| 773 |
0 |
|
|t Springer eBooks
|
| 776 |
0 |
8 |
|i Printed edition:
|z 9783540224204
|
| 830 |
|
0 |
|a Lecture Notes in Computer Science,
|x 0302-9743 ;
|v 3110
|
| 856 |
4 |
0 |
|u http://dx.doi.org/10.1007/b98935
|z Full Text via HEAL-Link
|
| 912 |
|
|
|a ZDB-2-SCS
|
| 912 |
|
|
|a ZDB-2-LNC
|
| 912 |
|
|
|a ZDB-2-BAE
|
| 950 |
|
|
|a Computer Science (Springer-11645)
|